[Event "Petroupoli-ch"]
[Site "Petropouli"]
[Date "2014.03.08"]
[Round "7"]
[White "Mihalopoulos, Nikolaos"]
[Black "Minagias, Dimitrios"]
[Result "1/2-1/2"]
[WhiteElo "1398"]
[BlackElo "1125"]
[PlyCount "87"]
[EventDate "2014.01.25"]
[EventType "swiss"]
[EventRounds "7"]
[EventCountry "GRE"]
[SourceTitle "EXT 2015"]
[Source "ChessBase"]
[SourceDate "2014.11.20"]
[SourceVersion "1"]
[SourceVersionDate "2014.11.20"]
[SourceQuality "1"]

1. e4 e5 2. Nf3 Nc6 3. Bb5 a6 4. Ba4 Nf6 5. 0-0 b5 6. Bb3 Be7 7. d3 0-0 8. Nc3 Bb7 9. Nd5 d6 10. Nxe7+ Nxe7 11. Bg5 Ng6 12. Nh4 Nxh4 13. Bxh4 h6 14. Qf3 g5 15. Bg3 Bc8 16. h3 Kg7 17. d4 Nd7 18. dxe5 Nxe5 19. Qc3 f6 20. f4 gxf4 21. Rxf4 Bb7 22. Raf1 Ng6 23. R4f2 Bxe4 24. Bh4 Nxh4 25. Rf4 Ng6 26. Rxe4 Ne5 27. Qg3+ Kh7 28. Ref4 Qe7 29. Bd5 c6 30. Be4+ Kh8 31. Qh4 Qg7 32. Rxf6 Rxf6 33. Qxf6 Qxf6 34. Rxf6 d5 35. Bf3 Kg7 36. Re6 Nxf3+ 37. gxf3 Rc8 38. Re7+ Kf6 39. Ra7 Ke5 40. Rxa6 Rg8+ 41. Kf2 Rg6 42. Ra3 Kf4 43. Rd3 Rd6 44. Rd4+ 1/2-1/2

[Event "Petroupoli-ch"]
[Site "Petropouli"]
[Date "2014.01.25"]
[Round "1"]
[White "Minagias, Dimitrios"]
[Black "Meintanis, Sotirios"]
[Result "1-0"]
[WhiteElo "1125"]
[BlackElo "1000"]
[PlyCount "65"]
[EventDate "2014.01.25"]
[EventType "swiss"]
[EventRounds "7"]
[EventCountry "GRE"]
[SourceTitle "EXT 2015"]
[Source "ChessBase"]
[SourceDate "2014.11.20"]
[SourceVersion "1"]
[SourceVersionDate "2014.11.20"]
[SourceQuality "1"]

1. e4 d5 2. exd5 Nf6 3. Bb5+ Bd7 4. Bxd7+ Qxd7 5. c4 c6 6. dxc6 Nxc6 7. Nf3 Qe6+ 8. Qe2 Nb4 9. Qxe6 fxe6 10. Na3 Nd3+ 11. Ke2 Ne4 12. Rf1 Rd8 13. Nb5 a6 14. Nbd4 Ndc5 15. d3 e5 16. Nxe5 Rxd4 17. Be3 Rd8 18. dxe4 Nxe4 19. Rad1 Rc8 20. Bb6 g6 21. Rd4 Nc5 22. Rfd1 Ne6 23. Rd7 Bg7 24. Nf3 0-0 25. Rxe7 Nf4+ 26. Kf1 Rxc4 27. g3 Nh5 28. Ng5 h6 29. Ne6 Rf7 30. Nxg7 Nxg7 31. Rdd7 Rxe7 32. Rxe7 Nf5 33. Rxb7 1-0